|
|
|
|
| LEADER |
00000naa a2200000 c 4500 |
| 001 |
1892765659 |
| 003 |
DE-627 |
| 005 |
20240701092810.0 |
| 007 |
cr uuu---uuuuu |
| 008 |
240701s2006 xx |||||oo 00| ||ger c |
| 035 |
|
|
|a (DE-627)1892765659
|
| 035 |
|
|
|a (DE-599)KXP1892765659
|
| 040 |
|
|
|a DE-627
|b ger
|c DE-627
|e rda
|
| 041 |
|
|
|a ger
|
| 084 |
|
|
|a 0
|2 ssgn
|
| 100 |
1 |
|
|e VerfasserIn
|0 (DE-588)121073823
|0 (DE-627)08106876X
|0 (DE-576)177751665
|4 aut
|a Jödicke, Ansgar
|d 1965-
|
| 109 |
|
|
|a Jödicke, Ansgar 1965-
|
| 245 |
1 |
0 |
|a [Rezension von: Religion und Gesellschaft]
|
| 264 |
|
1 |
|c 2006
|
| 336 |
|
|
|a Text
|b txt
|2 rdacontent
|
| 337 |
|
|
|a Computermedien
|b c
|2 rdamedia
|
| 338 |
|
|
|a Online-Ressource
|b cr
|2 rdacarrier
|
| 601 |
|
|
|a Rezension
|
| 601 |
|
|
|a Gesellschaft
|
| 601 |
|
|
|a Religion
|
| 655 |
|
7 |
|a Rezension
|0 (DE-588)4049712-4
|0 (DE-627)106186019
|0 (DE-576)209083166
|2 gnd-content
|
| 773 |
0 |
8 |
|i Enthalten in
|t Schweizerische Zeitschrift für Religions- und Kulturgeschichte
|d Fribourg : Academic Press, 2004
|g 100(2006), Seite 421-422
|h Online-Ressource
|w (DE-627)644280050
|w (DE-600)2588678-2
|w (DE-576)336142153
|7 nnas
|
| 773 |
1 |
8 |
|g volume:100
|g year:2006
|g pages:421-422
|
| 787 |
0 |
8 |
|i Rezension von
|t Religion und Gesellschaft
|d Paderborn : Ferdinand Schöningh, 2004
|h 396 Seiten
|w (DE-627)376529652
|w (DE-576)110132882
|z 3506717057
|z 3825225100
|z 9783825225100
|
| 951 |
|
|
|a AR
|
| ELC |
|
|
|a 1
|
| LOK |
|
|
|0 000 xxxxxcx a22 zn 4500
|
| LOK |
|
|
|0 001 4544506050
|
| LOK |
|
|
|0 003 DE-627
|
| LOK |
|
|
|0 004 1892765659
|
| LOK |
|
|
|0 005 20240701092810
|
| LOK |
|
|
|0 008 240701||||||||||||||||ger|||||||
|
| LOK |
|
|
|0 040
|a DE-Tue135
|c DE-627
|d DE-Tue135
|
| LOK |
|
|
|0 092
|o n
|
| LOK |
|
|
|0 852
|a DE-Tue135
|
| LOK |
|
|
|0 852 1
|9 00
|
| LOK |
|
|
|0 866
|x #057
|
| LOK |
|
|
|0 935
|a ixzs
|a rwzx
|
| LOK |
|
|
|0 939
|a 01-07-24
|b l01
|
| ORI |
|
|
|a SA-MARC-ixtheoa001.raw
|
| REL |
|
|
|a 1
|
| SUB |
|
|
|a REL
|